000 00664nam a2200205 i 4500
001 89871
003 ES-MaACL
005 20230906180306.0
007 t|
008 050114s1965 sp ||||1| spa d
100 1 _aLa Toison, M.
_969183
245 1 0 _aInfrarrojos y sus aplicaciones térmicas /
_cpor M. La Toison ; [traducido por José María Fernández Arín].
260 _a[Madrid :
_bParaninfo,
_c1965]
300 _a192 p. :
_bil. ;
_c21 cm.
490 1 _aBiblioteca técnica Philips
700 1 _aFernández Arin, José María.
_949479
830 0 _aBiblioteca técnica Philips
_9181540
852 _aES-MaACL
_jC-28121
_bR.57335
999 _c89871
_d89871